Normal view
MARC view
- تأليف عبد الهادي، خير الدين
Entry Personal Name
001 - CONTROL NUMBER
- control field: 45628
003 - CONTROL NUMBER IDENTIFIER
- control field: JO-AjAnu
005 - DATE AND TIME OF LATEST TRANSACTION
- control field: 20230606081539.0
008 - FIXED-LENGTH DATA ELEMENTS
- fixed length control field: 230606|| aca||aabn | a|a d
040 ## - CATALOGING SOURCE
- Original cataloging agency: JO-AjAnu
- Transcribing agency: JO-AjAnu
100 ## - HEADING--PERSONAL NAME
- Personal name: تأليف عبد الهادي، خير الدين
670 ## - SOURCE DATA FOUND
- Source citation: Work cat.: (JO-AjAnu)23361: تأليف عبد الهادي، خير الدين, author, سلسلة جامعة آل البيت لتعليم اللغة العربية لغير الناطقين بها